[Event "FRA-chT Top 12"]
[Site "Mulhouse"]
[Date "2011.06.04"]
[Round "10.8"]
[White "Assad, Karine"]
[Black "Babault, Patrice"]
[Result "0-1"]
[WhiteElo "2022"]
[BlackElo "2400"]
[PlyCount "76"]
[EventDate "2011.05.26"]
[EventType "team-tourn"]
[EventRounds "11"]
[EventCountry "FRA"]
[SourceTitle "CBM 142 Extra"]
[Source "ChessBase"]
[SourceDate "2011.06.27"]
[SourceVersion "1"]
[SourceVersionDate "2011.06.27"]
[SourceQuality "1"]
[WhiteTeam "Noyon"]
[BlackTeam "Lutece"]
[WhiteTeamCountry "FRA"]
[BlackTeamCountry "FRA"]

1. d4 d5 2. c4 c6 3. Nf3 Nf6 4. e3 e6 5. b3 Nbd7 6. Bb2 Bb4+ 7. Nbd2 Ne4 8. a3 Bd6 9. Bd3 f5 10. Qe2 Qf6 11. 0-0 0-0 12. Ne1 Qh6 13. f4 Ndf6 14. Ndf3 Ng4 15. g3 Bd7 16. Ne5 Nxe5 17. dxe5 Be7 18. b4 Be8 19. Nf3 Bh5 20. Qc2 Bg4 21. c5 Qg6 22. Bxe4 fxe4 23. Nd4 Bh3 24. Rfe1 h5 25. Kh1 Rac8 26. Qa4 a6 27. Rac1 Kf7 28. Qc2 Rh8 29. Rg1 Rh7 30. a4 Qg4 31. Qf2 h4 32. f5 exf5 33. e6+ Kg8 34. gxh4 Qxh4 35. Qd2 Bf6 36. Rcf1 Bxf1 37. Nxf5 Qh3 38. Bxf6 Qf3+ 0-1

[Event "FRA-chT Top 12"]
[Site "Mulhouse"]
[Date "2011.05.30"]
[Round "5"]
[White "Assad, Karine"]
[Black "Guilleux, Fabien"]
[Result "0-1"]
[WhiteElo "2022"]
[BlackElo "2382"]
[PlyCount "64"]
[EventDate "2011.05.26"]
[EventType "team-tourn"]
[EventRounds "11"]
[EventCountry "FRA"]
[SourceTitle "CBM 142 Extra"]
[Source "ChessBase"]
[SourceDate "2011.06.27"]
[SourceVersion "1"]
[SourceVersionDate "2011.06.27"]
[SourceQuality "1"]
[WhiteTeam "Noyon"]
[BlackTeam "Chalons en Champagne"]
[WhiteTeamCountry "FRA"]
[BlackTeamCountry "FRA"]

1. d4 Nf6 2. Nf3 g6 3. c4 Bg7 4. Nc3 d5 5. cxd5 Nxd5 6. e4 Nxc3 7. bxc3 c5 8. Be3 Qa5 9. Qd2 0-0 10. Rc1 Rd8 11. Bc4 Nc6 12. Ng5 e6 13. d5 Ne5 14. Be2 exd5 15. exd5 c4 16. f4 Rxd5 17. Bd4 Nd3+ 18. Bxd3 cxd3 19. Bxg7 Kxg7 20. c4 Qxd2+ 21. Kxd2 Ra5 22. Kxd3 Rxa2 23. Rhg1 Bf5+ 24. Kc3 Rf2 25. Rcf1 Rc2+ 26. Kb3 b5 27. cxb5 Rb8 28. Rc1 Rxb5+ 29. Ka4 Rcb2 30. Rc7 a6 31. Rc3 Ra2+ 32. Ra3 Bc2# 0-1

[Event "FRA-chT Top 16 Gp Haute"]
[Site "Guingamp"]
[Date "2010.06.04"]
[Round "9.8"]
[White "Assad, Karine"]
[Black "Mancini, Mario"]
[Result "1-0"]
[WhiteElo "2048"]
[BlackElo "2242"]
[PlyCount "118"]
[EventDate "2010.06.03"]
[EventType "team-tourn"]
[EventRounds "11"]
[EventCountry "FRA"]
[SourceTitle "EXT 2011"]
[Source "ChessBase"]
[SourceDate "2010.11.26"]
[SourceVersion "1"]
[SourceVersionDate "2010.11.26"]
[SourceQuality "1"]
[WhiteTeam "Noyon"]
[BlackTeam "Chalons en Champagne"]
[WhiteTeamCountry "FRA"]
[BlackTeamCountry "FRA"]

1. d4 Nf6 2. c4 e6 3. Nf3 b6 4. g3 Ba6 5. Qc2 Bb7 6. Nbd2 c5 7. e4 cxd4 8. Nxd4 Bc5 9. N4b3 Be7 10. Bg2 Nc6 11. a3 d6 12. 0-0 0-0 13. Nf3 Rc8 14. Rd1 Qc7 15. Bf4 Ne5 16. Bxe5 dxe5 17. Nbd2 Nd7 18. Rac1 Nb8 19. b4 Rfd8 20. Qb2 Bf6 21. c5 b5 22. Qc2 Nc6 23. Nb3 h6 24. h3 a6 25. Rxd8+ Rxd8 26. Rd1 Nd4 27. Nfxd4 exd4 28. Na5 Ba8 29. Qd3 e5 30. h4 Rb8 31. Bh3 Bd8 32. Nb3 Qe7 33. Bg2 Bc7 34. Bh3 Bc6 35. Qe2 Rd8 36. Nc1 a5 37. Nd3 axb4 38. axb4 Ra8 39. Bg2 Qe6 40. Kh2 Ra3 41. Rd2 Bd7 42. Bf1 g6 43. f3 h5 44. Bg2 Qb3 45. Bh3 Bc6 46. Qd1 Qc3 47. Qe2 Kg7 48. Rd1 Qb3 49. Rd2 Ra1 50. Rb2 Qa4 51. Kg2 Qa8 52. Kf2 Ra3 53. g4 hxg4 54. Bxg4 Qd8 55. Kg2 Qxh4 56. Nf2 Re3 57. Qc2 f5 58. exf5 d3 59. Qd2 Re2 1-0

[Event "FRA-chT Top 16 Gp Haute"]
[Site "Guingamp"]
[Date "2010.06.03"]
[Round "8.8"]
[White "Alexieva, Silvia"]
[Black "Assad, Karine"]
[Result "1-0"]
[WhiteElo "2314"]
[BlackElo "2048"]
[PlyCount "75"]
[EventDate "2010.06.03"]
[EventType "team-tourn"]
[EventRounds "11"]
[EventCountry "FRA"]
[SourceTitle "EXT 2011"]
[Source "ChessBase"]
[SourceDate "2010.11.26"]
[SourceVersion "1"]
[SourceVersionDate "2010.11.26"]
[SourceQuality "1"]
[WhiteTeam "Metz Fischer"]
[BlackTeam "Noyon"]
[WhiteTeamCountry "FRA"]
[BlackTeamCountry "FRA"]

1. Nf3 Nf6 2. c4 c5 3. g3 g6 4. Bg2 Bg7 5. 0-0 0-0 6. d4 d6 7. Nc3 Nbd7 8. b3 Rb8 9. Bb2 b6 10. e4 cxd4 11. Nxd4 Bb7 12. Qe2 Ne8 13. Rad1 Nc7 14. f4 a6 15. a4 Nc5 16. b4 N5e6 17. Nf3 a5 18. Nd5 axb4 19. Bxg7 Nxg7 20. Nd4 Nxd5 21. exd5 Qd7 22. Rb1 e5 23. Nc6 Rbe8 24. fxe5 dxe5 25. Rxb4 Bxc6 26. dxc6 Qd4+ 27. Qf2 Qxf2+ 28. Rxf2 e4 29. Rxb6 f5 30. Rd2 Ne6 31. Rd5 Ra8 32. a5 Rfc8 33. a6 Nd8 34. Rd6 Nf7 35. c5 Nxd6 36. cxd6 Kf8 37. c7 Ke8 38. Bf1 1-0

[Event "FRA-chT Top 16 GpA"]
[Site "France"]
[Date "2010.05.01"]
[Round "6"]
[White "Assad, Karine"]
[Black "Fruteau, Sabine"]
[Result "0-1"]
[WhiteElo "2056"]
[BlackElo "2125"]
[PlyCount "52"]
[EventDate "2010.03.26"]
[EventType "team-tourn"]
[EventRounds "7"]
[EventCountry "FRA"]
[SourceTitle "CBM 135 Extra"]
[Source "ChessBase"]
[SourceDate "2010.05.04"]
[SourceVersion "1"]
[SourceVersionDate "2010.05.04"]
[SourceQuality "1"]

1. d4 Nf6 2. c4 e6 3. Nf3 Bb4+ 4. Bd2 Qe7 5. Nc3 Bxc3 6. Bxc3 Ne4 7. Rc1 Nxc3 8. Rxc3 d6 9. g3 0-0 10. Bg2 e5 11. 0-0 Nd7 12. dxe5 dxe5 13. Qc2 f5 14. e3 a5 15. b3 Ra6 16. Ne1 e4 17. f4 Nf6 18. Qc1 Qc5 19. a3 Rd8 20. Qb2 Rad6 21. b4 Qa7 22. Nc2 Rd2 23. Qb3 a4 24. Qb1 Qb6 25. Nd4 R8xd4 26. c5 Qb5 0-1

[Event "FRA-chT Top 16 GpA"]
[Site "France"]
[Date "2010.04.30"]
[Round "5"]
[White "Bannwarth, Frederique"]
[Black "Assad, Karine"]
[Result "1/2-1/2"]
[WhiteElo "1849"]
[BlackElo "2056"]
[PlyCount "53"]
[EventDate "2010.03.26"]
[EventType "team-tourn"]
[EventRounds "7"]
[EventCountry "FRA"]
[SourceTitle "CBM 135 Extra"]
[Source "ChessBase"]
[SourceDate "2010.05.04"]
[SourceVersion "1"]
[SourceVersionDate "2010.05.04"]
[SourceQuality "1"]

1. e4 e5 2. Nf3 Nc6 3. Bc4 Bc5 4. d3 Nf6 5. a3 d6 6. h3 h6 7. Bb3 0-0 8. c3 a6 9. 0-0 Ba7 10. Re1 Re8 11. Nbd2 Be6 12. Bc2 d5 13. Nf1 Qd6 14. Ng3 Rad8 15. Qe2 d4 16. Nh4 Ne7 17. Qf3 Bc8 18. Nhf5 Nxf5 19. Nxf5 Bxf5 20. Qxf5 Qe6 21. Qf3 c5 22. c4 Bb8 23. Ba4 Re7 24. Bd2 Ne8 25. Bxe8 Rexe8 26. b4 Bd6 27. Rab1 1/2-1/2

[Event "FRA-chT Top 16 GpA"]
[Site "France"]
[Date "2009.04.30"]
[Round "4"]
[White "Assad, Karine"]
[Black "Lefevre, Margaux"]
[Result "1-0"]
[WhiteElo "2037"]
[BlackElo "2021"]
[PlyCount "123"]
[EventDate "2009.03.20"]
[EventType "team"]
[EventRounds "7"]
[EventCountry "FRA"]
[SourceTitle "CBM 129 Extra"]
[Source "ChessBase"]
[SourceDate "2009.05.05"]
[SourceVersion "2"]
[SourceVersionDate "2009.05.20"]
[SourceQuality "1"]

1. d4 Nf6 2. c4 c5 3. d5 b5 4. cxb5 a6 5. bxa6 Bxa6 6. Nc3 g6 7. Nf3 d6 8. g3 Bg7 9. Bg2 0-0 10. 0-0 Nbd7 11. Rb1 Qa5 12. Qc2 Rfb8 13. Rd1 Ng4 14. Bg5 Nde5 15. Nd2 Ra7 16. h3 Nf6 17. Nb3 Qc7 18. Nd2 h6 19. Be3 Rab7 20. f4 Ned7 21. b3 Qa5 22. Rbc1 Ne8 23. Nc4 Bxc4 24. bxc4 Rb4 25. Nb5 Nb6 26. Bd2 Nxc4 27. Bxb4 Qxb4 28. Qxc4 Qxc4 29. Rxc4 Rxb5 30. e3 Nc7 31. Be4 Ra5 32. a4 Na6 33. Rb1 Nb4 34. Rbxb4 cxb4 35. Rxb4 Bc3 36. Rc4 Rc5 37. Rxc5 dxc5 38. Bd3 Kf8 39. Kf1 Ke8 40. Bb5+ Kd8 41. Ke2 f6 42. Bd3 g5 43. Kf3 h5 44. Bg6 h4 45. gxh4 gxh4 46. Bd3 Kc7 47. Kg4 Be1 48. Kf5 Bd2 49. e4 Kd6 50. Bc4 Bc3 51. Bb3 Kd7 52. e5 fxe5 53. fxe5 Bd2 54. Bc4 Be1 55. Bb5+ Kc7 56. Ke6 Bg3 57. a5 Bf4 58. a6 Bg5 59. d6+ exd6 60. exd6+ Kc8 61. Bc6 Kb8 62. Bd5 1-0

[Event "FRA-chT Top 16 GpA"]
[Site "France"]
[Date "2009.03.22"]
[Round "3"]
[White "Skripchenko, Almira"]
[Black "Assad, Karine"]
[Result "1/2-1/2"]
[WhiteElo "2454"]
[BlackElo "2038"]
[PlyCount "135"]
[EventDate "2009.03.20"]
[EventType "team"]
[EventRounds "7"]
[EventCountry "FRA"]
[SourceTitle "CBM 129 Extra"]
[Source "ChessBase"]
[SourceDate "2009.05.05"]
[SourceVersion "2"]
[SourceVersionDate "2009.05.20"]
[SourceQuality "1"]

1. Nf3 d5 2. c4 e6 3. g3 c6 4. Qc2 Nf6 5. Bg2 Bd6 6. d4 Nbd7 7. 0-0 0-0 8. Nbd2 Re8 9. Rd1 Qe7 10. Nf1 Ne4 11. b3 f5 12. Bb2 Ndf6 13. Ne5 Qc7 14. f3 Ng5 15. c5 Bf8 16. b4 Nf7 17. a3 Nxe5 18. dxe5 Nd7 19. Qc3 b6 20. cxb6 Qxb6+ 21. Kh1 c5 22. bxc5 Nxc5 23. Bc1 Qb3 24. Qe1 Bd7 25. Be3 Qa4 26. Nd2 Rab8 27. Qf2 Rec8 28. Rdc1 Nb3 29. Nxb3 Qxb3 30. Bxa7 Rxc1+ 31. Rxc1 Qxa3 32. Rc7 Rb1+ 33. Bf1 Bb5 34. Kg2 Rc1 35. Rxc1 Qxc1 36. Qb6 Qc6 37. Qd8 Qd7 38. Qb8 Qe8 39. Qb7 Qc6 40. Qb8 Qe8 41. Qb6 Qc6 42. Qe3 Be7 43. h4 h5 44. Bd4 Qe8 45. Qf4 Qg6 46. Be3 Qf7 47. Qd4 Qe8 48. Kh3 Qc6 49. Kg2 Qc4 50. Qa7 Bf8 51. Kf2 Qc6 52. Bb6 Qd7 53. Qa1 Qc6 54. Qd4 Qc4 55. Qe3 Qc6 56. Ba7 Be7 57. Kg2 Qe8 58. Bd4 Qg6 59. Kh2 Qe8 60. Qg1 Qg6 61. Qf2 Qf7 62. Bh3 Qg6 63. Qe3 Qf7 64. Qd2 Qg6 65. Bf2 Qf7 66. Be3 Qg6 67. Qc2 Qe8 68. Kg2 1/2-1/2

[Event "FRA-chT Top 16 GpB"]
[Site "France"]
[Date "2008.03.22"]
[Round "1"]
[White "Assad, Karine"]
[Black "Alexieva, Silvia"]
[Result "1/2-1/2"]
[WhiteElo "2042"]
[BlackElo "2405"]
[PlyCount "108"]
[EventDate "2008.03.22"]
[EventType "team-tourn"]
[EventRounds "7"]
[EventCountry "FRA"]
[SourceTitle "CBM 123 Extra"]
[Source "ChessBase"]
[SourceDate "2008.05.06"]
[SourceVersion "1"]
[SourceVersionDate "2008.05.06"]
[SourceQuality "1"]

1. d4 Nf6 2. c4 e6 3. Nf3 b6 4. Nc3 Bb4 5. Qc2 Bb7 6. Nd2 0-0 7. a3 Bxc3 8. Qxc3 d6 9. b4 a5 10. Bb2 Re8 11. e3 Nbd7 12. f3 axb4 13. axb4 Rxa1+ 14. Bxa1 c5 15. Be2 Qa8 16. 0-0 Qa4 17. Rb1 Ra8 18. bxc5 dxc5 19. Bb2 cxd4 20. exd4 Qc6 21. Ra1 Rxa1+ 22. Bxa1 Nf8 23. Bd3 Ng6 24. g3 Qc7 25. Bb2 Ne7 26. Ne4 Ne8 27. Qb4 Nc6 28. Qb5 Qd8 29. Kg2 f5 30. Nd2 Nd6 31. Qb3 Na5 32. Qc3 Ne8 33. Nb3 Nxb3 34. Qxb3 Kf7 35. c5 Qa8 36. Bc4 Nc7 37. cxb6 Nd5 38. Ba3 Qa5 39. Bxd5 Qd2+ 40. Kh3 Qh6+ 41. Kg2 Qd2+ 42. Kh3 Bxd5 43. Qb4 Qxb4 44. Bxb4 Bxf3 45. g4 f4 46. g5 Kg6 47. b7 Bxb7 48. Kg4 f3 49. Be1 Bd5 50. h4 Kf7 51. Kf4 Ke7 52. Ke5 Kd7 53. h5 Kc6 54. Bf2 Kd7 1/2-1/2

[Event "FRA-chT Top 16 GpA"]
[Site "Noyon"]
[Date "2005.04.02"]
[Round "6"]
[White "Assad, Karine"]
[Black "Heinz, Timothee"]
[Result "0-1"]
[WhiteElo "2051"]
[BlackElo "2198"]
[PlyCount "74"]
[EventDate "2005.03.31"]
[EventType "team-tourn"]
[EventRounds "7"]
[EventCountry "FRA"]
[SourceTitle "CBM 105 Extra"]
[Source "ChessBase"]
[SourceDate "2005.05.01"]
[SourceVersion "1"]
[SourceVersionDate "2005.05.01"]
[SourceQuality "1"]
[WhiteTeam "Noyon"]
[BlackTeam "Bischwiller"]
[WhiteTeamCountry "FRA"]
[BlackTeamCountry "FRA"]

1. d4 Nf6 2. c4 e6 3. Nc3 Bb4 4. e3 0-0 5. Bd3 d5 6. a3 Bxc3+ 7. bxc3 dxc4 8. Bxc4 Nbd7 9. Nf3 b6 10. 0-0 Bb7 11. a4 a6 12. Bd3 Re8 13. Nd2 e5 14. c4 exd4 15. exd4 Nf8 16. Nb3 a5 17. Qc2 Ng6 18. Bg5 Qd6 19. f3 h6 20. Bxf6 Qxf6 21. Be4 Bc6 22. d5 Bb7 23. Rfd1 Rad8 24. Nd4 Ne5 25. Rab1 Nd7 26. Nb5 c6 27. Nc3 cxd5 28. Bxd5 Bxd5 29. Nxd5 Qc6 30. Kh1 Rc8 31. Rd4 Qc5 32. Qb2 Rc6 33. h3 Rce6 34. Rg4 Ne5 35. Rg3 Qxc4 36. Nxb6 Qf4 37. Qf2 Nd3 0-1

[Event "France-ch U20 playoff"]
[Site "Reims"]
[Date "2004.04.25"]
[Round "10"]
[White "Delorme, Laurie"]
[Black "Assad, Karine"]
[Result "0-1"]
[WhiteElo "2016"]
[BlackElo "2048"]
[PlyCount "89"]
[EventDate "2004.04.??"]
[EventType "match"]
[EventRounds "2"]
[EventCountry "FRA"]
[SourceTitle "EXT 2005"]
[Source "ChessBase"]
[SourceDate "2004.11.15"]
[SourceVersion "1"]
[SourceVersionDate "2004.11.15"]
[SourceQuality "1"]

1. e4 e6 2. d3 d5 3. Nd2 Nf6 4. Ngf3 Nc6 5. c3 e5 6. Be2 Bd6 7. 0-0 0-0 8. Qc2 Qe7 9. Re1 Nd8 10. Bf1 c6 11. d4 dxe4 12. Nxe4 Nxe4 13. Qxe4 f5 14. Qc2 e4 15. h3 Ne6 16. Nd2 Bb8 17. Bc4 Kh8 18. a4 Nf4 19. Nf1 Qf6 20. Bxf4 Bxf4 21. Rad1 Bc7 22. d5 Rd8 23. dxc6 bxc6 24. Rxd8+ Bxd8 25. b4 Be6 26. Ba6 Rb8 27. Qd2 Bc7 28. c4 Rb6 29. b5 c5 30. Qc2 Qf7 31. a5 Rd6 32. Rb1 Bxa5 33. Qa2 Bb6 34. Qb2 Bxc4 35. Qe5 Rd8 36. Ne3 Be6 37. Rc1 h6 38. g3 Kh7 39. Ng2 Rd5 40. Qb2 Rd8 41. Nf4 c4 42. Qe5 Bc8 43. Bxc8 Rxc8 44. Nd5 Rc5 45. Rd1 0-1

[Event "France-ch U20"]
[Site "Reims"]
[Date "2004.04.24"]
[Round "8"]
[White "Debeaune, Robin"]
[Black "Assad, Karine"]
[Result "1-0"]
[WhiteElo "2186"]
[BlackElo "2048"]
[PlyCount "55"]
[EventDate "2004.04.??"]
[EventType "swiss"]
[EventRounds "9"]
[EventCountry "FRA"]
[SourceTitle "EXT 2005"]
[Source "ChessBase"]
[SourceDate "2004.11.15"]
[SourceVersion "1"]
[SourceVersionDate "2004.11.15"]
[SourceQuality "1"]

1. e4 e6 2. d4 d5 3. Nd2 Nf6 4. Bd3 c5 5. dxc5 Bxc5 6. Qe2 Nc6 7. Ngf3 dxe4 8. Nxe4 Nxe4 9. Qxe4 Nb4 10. Be2 Bd7 11. a3 f5 12. Qc4 Rc8 13. axb4 Bxf2+ 14. Kxf2 Rxc4 15. Bxc4 Qc7 16. Bb3 b6 17. Re1 0-0 18. Bd2 Kh8 19. Bc3 Bc8 20. Rad1 Re8 21. Ne5 a6 22. Rd6 h6 23. Red1 Kh7 24. Nc4 b5 25. Nb6 Re7 26. Be5 Qa7 27. Kf1 Bb7 28. Rd7 1-0

[Event "France-ch U20"]
[Site "Reims"]
[Date "2004.04.19"]
[Round "3"]
[White "Alanic, Xavier"]
[Black "Assad, Karine"]
[Result "1-0"]
[WhiteElo "2175"]
[BlackElo "2048"]
[PlyCount "59"]
[EventDate "2004.04.??"]
[EventType "swiss"]
[EventRounds "9"]
[EventCountry "FRA"]
[SourceTitle "EXT 2005"]
[Source "ChessBase"]
[SourceDate "2004.11.15"]
[SourceVersion "1"]
[SourceVersionDate "2004.11.15"]
[SourceQuality "1"]

1. c4 e5 2. Nc3 g6 3. g3 Bg7 4. Bg2 Ne7 5. d3 d6 6. e4 Be6 7. Nge2 Nd7 8. 0-0 c6 9. Be3 0-0 10. f4 f5 11. Rb1 a5 12. a3 Nb6 13. b4 axb4 14. axb4 d5 15. fxe5 dxe4 16. Nf4 Bf7 17. Bxb6 Qxb6+ 18. c5 Qc7 19. e6 Bxc3 20. exf7+ Rxf7 21. Qb3 Qe5 22. dxe4 Re8 23. Rbd1 Bd4+ 24. Kh1 Nc8 25. Ne2 Rd8 26. Qc4 b5 27. Qa2 Kg7 28. exf5 Ra7 29. Qc2 Ra4 30. Nf4 1-0

[Event "FRA-chT2 0304"]
[Site "France"]
[Date "2004.02.01"]
[Round "7"]
[White "De Buck, Celine"]
[Black "Assad, Karine"]
[Result "0-1"]
[WhiteElo "1499"]
[BlackElo "2048"]
[PlyCount "66"]
[EventDate "2003.10.??"]
[EventType "team-tourn"]
[EventRounds "11"]
[EventCountry "FRA"]
[SourceTitle "EXT 2005"]
[Source "ChessBase"]
[SourceDate "2004.11.15"]
[SourceVersion "1"]
[SourceVersionDate "2004.11.15"]
[SourceQuality "1"]

1. c4 e5 2. Nc3 d6 3. g3 g6 4. Bg2 Bg7 5. Nf3 Nf6 6. 0-0 c6 7. b3 0-0 8. Re1 h6 9. e3 e4 10. Nd4 Re8 11. d3 d5 12. cxd5 cxd5 13. dxe4 dxe4 14. Ba3 a6 15. b4 b5 16. Qb3 Bb7 17. Rad1 Nbd7 18. Nde2 Qe7 19. Nf4 g5 20. Nfd5 Nxd5 21. Nxd5 Bxd5 22. Rxd5 Nb6 23. Rd4 Bxd4 24. exd4 Qe6 25. Qe3 Nc4 26. Qc1 Qd5 27. Rd1 Rac8 28. Qc3 Nxa3 29. Qxa3 Rc6 30. Re1 Qxd4 31. Bxe4 Rxe4 32. Rf1 Rf6 33. Qa5 Re2 0-1

[Event "FRA-chT2 0304"]
[Site "France"]
[Date "2004.01.17"]
[Round "5"]
[White "Poirier, Annabelle"]
[Black "Assad, Karine"]
[Result "0-1"]
[WhiteElo "1480"]
[BlackElo "2048"]
[PlyCount "38"]
[EventDate "2003.10.??"]
[EventType "team-tourn"]
[EventRounds "11"]
[EventCountry "FRA"]
[SourceTitle "EXT 2005"]
[Source "ChessBase"]
[SourceDate "2004.11.15"]
[SourceVersion "1"]
[SourceVersionDate "2004.11.15"]
[SourceQuality "1"]

1. e4 e6 2. d4 d5 3. e5 c5 4. c3 Nc6 5. Nf3 Bd7 6. Be3 Qb6 7. Qc2 f6 8. Bd3 cxd4 9. Bxd4 Bc5 10. Bxc5 Qxc5 11. exf6 Nxf6 12. 0-0 0-0 13. Nbd2 Rac8 14. Rac1 Qd6 15. Qb1 e5 16. Bc2 e4 17. Nd4 Nxd4 18. cxd4 Ng4 19. g3 Qh6 0-1

[Event "FRA-chT3 Gr8 0203"]
[Site "France"]
[Date "2003.04.06"]
[Round "9"]
[White "Assad, Karine"]
[Black "Bertrand, Xavier"]
[Result "1/2-1/2"]
[WhiteElo "2075"]
[BlackElo "2136"]
[PlyCount "103"]
[EventDate "2002.10.??"]
[EventType "team-tourn"]
[EventRounds "9"]
[EventCountry "FRA"]
[SourceTitle "EXT 2005"]
[Source "ChessBase"]
[SourceDate "2004.11.15"]
[SourceVersion "1"]
[SourceVersionDate "2004.11.15"]
[SourceQuality "1"]

1. d4 d5 2. c4 e6 3. Nc3 c6 4. Nf3 Nf6 5. e3 a6 6. a4 Nbd7 7. b3 Bb4 8. Bd2 0-0 9. Bd3 dxc4 10. bxc4 c5 11. 0-0 Re8 12. Bb1 b6 13. Ne4 Bxd2 14. Nfxd2 Qc7 15. Qb3 Bb7 16. Bc2 Nxe4 17. Bxe4 Bxe4 18. Nxe4 cxd4 19. exd4 Rac8 20. Rac1 Qf4 21. Qe3 Qxe3 22. fxe3 Rc6 23. Nd2 Kf8 24. Rb1 Ke7 25. Rb2 Kd8 26. Rxf7 Re7 27. Rxe7 Kxe7 28. Kf2 e5 29. Ke2 Rh6 30. Nf1 Kd8 31. Kd3 Kc7 32. h3 Rg6 33. Ke4 exd4 34. exd4 Nf6+ 35. Kd3 Nh5 36. Rf2 Rxg2 37. Rxg2 Nf4+ 38. Ke4 Nxg2 39. Ke5 Kd7 40. Ng3 Ne3 41. c5 bxc5 42. dxc5 Nc4+ 43. Kd5 Nb2 44. a5 Nd3 45. Kc4 Nf4 46. h4 g6 47. Ne4 Kc6 48. Nf6 h6 49. Ng4 g5 50. hxg5 hxg5 51. Ne5+ Kc7 52. Kd4 1/2-1/2

[Event "FRA-chT3 Gr8 0203"]
[Site "France"]
[Date "2003.03.16"]
[Round "7"]
[White "Assad, Karine"]
[Black "Waquet, Frederic"]
[Result "1-0"]
[WhiteElo "2075"]
[BlackElo "1880"]
[PlyCount "59"]
[EventDate "2002.10.??"]
[EventType "team-tourn"]
[EventRounds "9"]
[EventCountry "FRA"]
[SourceTitle "EXT 2005"]
[Source "ChessBase"]
[SourceDate "2004.11.15"]
[SourceVersion "1"]
[SourceVersionDate "2004.11.15"]
[SourceQuality "1"]

1. d4 Nf6 2. Nf3 c5 3. d5 b5 4. c4 Bb7 5. Nc3 b4 6. Na4 Qa5 7. Nd2 e5 8. e4 d6 9. Bd3 g6 10. 0-0 Bg7 11. g3 Nbd7 12. a3 Qc7 13. axb4 cxb4 14. Nb3 0-0 15. Be3 Ne8 16. Qc2 Bc8 17. c5 Kh8 18. c6 Ndf6 19. f3 Nh5 20. Nb6 Rb8 21. Nxc8 Qxc8 22. Bxa7 Ra8 23. Ba6 Qh3 24. Bb7 Rxa7 25. Rxa7 Bh6 26. Re1 Nxg3 27. Qg2 Qxg2+ 28. Kxg2 Nh5 29. Ba6 Nf4+ 30. Kh1 1-0

[Event "FRA-ch U18 Girls"]
[Site "Hyeres"]
[Date "2002.??.??"]
[Round "9.1"]
[White "Assad, Karine"]
[Black "Baldi, Audrey Jeanne"]
[Result "1/2-1/2"]
[WhiteElo "2104"]
[BlackElo "1800"]
[PlyCount "88"]
[EventDate "2002.04.05"]
[EventType "swiss"]
[EventRounds "9"]
[EventCountry "FRA"]
[SourceTitle "EXT 2003"]
[Source "ChessBase"]
[SourceDate "2002.11.25"]
[SourceVersion "1"]
[SourceVersionDate "2002.11.25"]
[SourceQuality "1"]

1. d4 d5 2. c4 c6 3. Nc3 Nf6 4. cxd5 cxd5 5. Bf4 Nc6 6. e3 e6 7. Bd3 Be7 8. h3 0-0 9. Nf3 Qb6 10. Qe2 Bd7 11. a3 Rac8 12. Ne5 Na5 13. Nxd7 Nxd7 14. Bb5 Nf6 15. Na4 Qd8 16. b4 Nc4 17. 0-0 a6 18. Bxc4 Rxc4 19. Nc5 Qc8 20. Rfc1 b5 21. Qb2 Bxc5 22. bxc5 Qc6 23. Rd1 Ra8 24. Rd3 Ra7 25. Rb3 Rb7 26. Rb1 h6 27. f3 Ne8 28. Rb4 Nc7 29. Bxc7 Qxc7 30. Ra1 Qa5 31. Rb1 Qc7 32. Ra1 Qa5 33. Kf2 Kf8 34. Rb1 Qc7 35. a4 Rxb4 36. Qxb4 a5 37. Qa3 b4 38. Qb3 Qc6 39. Re1 Qa6 40. Rc1 Qc6 41. Ke1 f6 42. Rc2 Rc7 43. Re2 Qa6 44. Rc2 Qc6 1/2-1/2

[Event "FRA-ch U18 Girls"]
[Site "Hyeres"]
[Date "2002.??.??"]
[Round "2.1"]
[White "Assad, Karine"]
[Black "Bujisho, Sophie"]
[Result "1-0"]
[WhiteElo "2104"]
[BlackElo "1820"]
[PlyCount "89"]
[EventDate "2002.04.05"]
[EventType "swiss"]
[EventRounds "9"]
[EventCountry "FRA"]
[SourceTitle "EXT 2003"]
[Source "ChessBase"]
[SourceDate "2002.11.25"]
[SourceVersion "1"]
[SourceVersionDate "2002.11.25"]
[SourceQuality "1"]

1. d4 Nf6 2. Nf3 e6 3. c4 b6 4. g3 Bb7 5. Bg2 c5 6. Nc3 cxd4 7. Qxd4 Bc5 8. Qd3 0-0 9. 0-0 Nc6 10. a3 h6 11. e4 Ng4 12. b3 Nge5 13. Nxe5 Nxe5 14. Qd1 a6 15. Bb2 Ng6 16. Qd2 Qc7 17. Rad1 Rad8 18. Rfe1 f5 19. Na4 fxe4 20. Nxc5 Qxc5 21. Bxe4 Bxe4 22. Rxe4 Qf5 23. Re2 Qg4 24. Qd4 Nf4 25. Red2 Nh3+ 26. Kf1 Qg6 27. Qd3 Qh5 28. Qd4 Qg6 29. Qd3 Qh5 30. Qc3 Qg6 31. Re1 Ng5 32. Rd3 Rf7 33. Rde3 Qf5 34. f4 Nh3 35. Kg2 Qg4 36. Rf3 Rdf8 37. Ref1 Re8 38. Qe5 Ref8 39. Bd4 Rf5 40. Qe3 Ng5 41. fxg5 Rxf3 42. Rxf3 Rxf3 43. Qxf3 Qxd4 44. g6 Qd2+ 45. Kh3 1-0

[Event "FRA-ch U18 Girls"]
[Site "Hyeres"]
[Date "2002.??.??"]
[Round "8.1"]
[White "Assad, Karine"]
[Black "Huisman, Chloe"]
[Result "1-0"]
[WhiteElo "2104"]
[BlackElo "1820"]
[PlyCount "95"]
[EventDate "2002.04.05"]
[EventType "swiss"]
[EventRounds "9"]
[EventCountry "FRA"]
[SourceTitle "EXT 2003"]
[Source "ChessBase"]
[SourceDate "2002.11.25"]
[SourceVersion "1"]
[SourceVersionDate "2002.11.25"]
[SourceQuality "1"]

1. d4 Nf6 2. Nf3 g6 3. c4 Bg7 4. Nc3 0-0 5. e4 d6 6. Be2 e5 7. Be3 Nc6 8. d5 Ne7 9. Nd2 Nd7 10. b4 f5 11. f3 f4 12. Bf2 g5 13. c5 Nf6 14. Nc4 Ne8 15. Qb3 Ng6 16. h3 h5 17. Rc1 Rf7 18. a4 Bf6 19. Nb5 b6 20. cxb6 cxb6 21. a5 Rb8 22. axb6 axb6 23. Qa3 Rfb7 24. Na7 Ne7 25. Nc6 Nxc6 26. dxc6 Rh7 27. b5 Be6 28. Rd1 Be7 29. Qb2 Qc7 30. Ra1 Kf8 31. Ra6 Bxc4 32. Bxc4 Nf6 33. Qa2 Bd8 34. Ke2 g4 35. hxg4 hxg4 36. Rxh7 Qxh7 37. Ra7 gxf3+ 38. gxf3 Bc7 39. Bd3 Qe7 40. Bh4 Kg7 41. Kf1 Rh8 42. Qg2+ Kf7 43. Bc4+ d5 44. exd5 Qb4 45. Rxc7+ Ke8 46. Qg6+ Kd8 47. Qxf6+ Kxc7 48. Qf7+ 1-0

[Event "FRA-ch U18 Girls"]
[Site "Amiens"]
[Date "2001.04.13"]
[Round "6"]
[White "Assad, Karine"]
[Black "Mallet, Celine"]
[Result "0-1"]
[WhiteElo "2128"]
[BlackElo "2169"]
[PlyCount "49"]
[EventDate "2001.04.??"]
[EventType "swiss"]
[EventRounds "9"]
[EventCountry "FRA"]
[SourceTitle "EXT 2005"]
[Source "ChessBase"]
[SourceDate "2004.11.15"]
[SourceVersion "1"]
[SourceVersionDate "2004.11.15"]
[SourceQuality "1"]

1. d4 e5 2. dxe5 Nc6 3. Nf3 Qe7 4. g3 Nxe5 5. Nxe5 Qxe5 6. Bg2 Nf6 7. 0-0 Bc5 8. c3 d6 9. Nd2 0-0 10. Nc4 Qh5 11. b4 Bb6 12. Nxb6 axb6 13. Re1 Re8 14. a4 d5 15. Bf4 c6 16. Ra2 Be6 17. Ra3 Bh3 18. Bh1 b5 19. a5 Re6 20. Ra2 Ne4 21. Qd4 g5 22. Bc1 Rh6 23. Bxe4 dxe4 24. Qxe4 Bc8 25. Ra1 0-1